The true meaning of contracts (Record no. 84110)

MARC details
000 -LEADER
fixed length control field 01044cab a22002535a 4500
001 - CONTROL NUMBER
control field L156668
008 - FIXED-LENGTH DATA ELEMENTS--GENERAL INFORMATION
fixed length control field 120619e20120616xxk 000 0 eng d
035 ## - SYSTEM CONTROL NUMBER
System control number (Sirsi) u156668
041 0# - LANGUAGE CODE
Language code of text/sound track or separate title eng
100 1# - MAIN ENTRY--PERSONAL NAME
Personal name Pigott, Ashley
245 04 - TITLE STATEMENT
Title The true meaning of contracts
260 ## - PUBLICATION, DISTRIBUTION, ETC.
Date of publication, distribution, etc. 2012
490 ## - SERIES STATEMENT
Series statement Estates Gazette
Volume/sequential designation (1224) 16 June 2012, 76-78(3)
520 ## - SUMMARY, ETC.
Summary, etc. Review of recent case law on contractural interpretation. "Spencer v SoS Defence" [2012] EWHC 120 (Ch) established the principle that an objective knowledge of clear and well-known legal principles can be attributed to the parties regardless whether they were actually aware of the principles.
590 ## - LOCAL NOTE (RLIN)
Local note KA
650 24 - SUBJECT ADDED ENTRY--TOPICAL TERM
Topical term or geographic name entry element SPENCER V SOS DEFENCE
650 24 - SUBJECT ADDED ENTRY--TOPICAL TERM
Topical term or geographic name entry element ATTORNEY GENERAL OF BELIZE V BELIZE TELECOM LTDt
650 24 - SUBJECT ADDED ENTRY--TOPICAL TERM
Topical term or geographic name entry element INVESTORS COMPENSATION SCHEME LTD V WEST BROMIWCH BUILDING SOCIETY
650 24 - SUBJECT ADDED ENTRY--TOPICAL TERM
Topical term or geographic name entry element RAINY SKY V KOOKMIN BANK
650 24 - SUBJECT ADDED ENTRY--TOPICAL TERM
Topical term or geographic name entry element EQUITY LIFE ASSURANCE SOCIETY V HYMAN
651 #4 - SUBJECT ADDED ENTRY--GEOGRAPHIC NAME
Geographic name United Kingdom
Chronological subdivision
690 ## - LOCAL SUBJECT ADDED ENTRY--TOPICAL TERM (OCLC, RLIN)
Topical term or geographic name as entry element Landlord and tenant
9 (RLIN) 6252
942 ## - ADDED ENTRY ELEMENTS (KOHA)
Suppress in OPAC 0
Holdings
Withdrawn status Lost status Source of classification or shelving scheme Damaged status Not for loan Home library Current library Shelving location Date acquired Total Checkouts Full call number Barcode Date last seen Copy number Price effective from Koha item type
    Dewey Decimal Classification     London London Journal article 19/06/2012   L156668 156668-1001 06/08/2019 1 06/08/2019 Journal article